Statistics for Guess the YouTuber #1 Very Easy

Click here to take the quiz!

General Stats

  • This quiz has been taken 43 times
  • The average score is 3 of 12

Answer Stats

Full NameChannel Name% Correct
Felix Arvid Ulf KjellbergPewDiePie
64%
Jimmy DonaldsonMrBeast
61%
Daniel MiddletonDanTDM
42%
Mark FischbachMarkiplier
36%
Seán William McLoughlinJacksepticeye
24%
Alia SheleshSSSniperwolf
21%
Bryan AwadisFaZe Rug
15%
Ian M.Ssundee
15%
Tal FishmanReaction Time
12%
Evan SausageSausage
9%
Paul David KouskyPDK Films
3%
Soleil WheelerFaZe Ewok
0%

Score Distribution

Percentile by Number Answered

Percent of People with Each Score

Your Score History

You have not taken this quiz